| 000 | 03601cgm a2200745Ii 4500 | ||
|---|---|---|---|
| 001 | ocn995854728 | ||
| 003 | OCoLC | ||
| 005 | 20251223113537.0 | ||
| 007 | vd cvaizq | ||
| 008 | 170731s2017 cau471 vleng d | ||
| 024 | 1 | 0 | _a883929566648 |
| 028 | 4 | 2 |
_a1000632277 _bWarner Home Video |
| 028 | 4 | 2 | _a2000130857 |
| 028 | 4 | 2 | _a2000130858 |
| 028 | 4 | 2 | _a2000130859 |
| 028 | 4 | 2 |
_a3000074670 _bWarner Home Video |
| 033 | 0 | 1 |
_a2016---- _b3700 |
| 035 | _a(OCoLC)995854728 | ||
| 037 |
_bMidwest Tape _nhttp://www.midwesttapes.com |
||
| 040 |
_aTEFMT _beng _erda _cTEFMT _dOCLCO _dTEF _dGK8 _dINO _dOJ4 _dUINTA |
||
| 041 | 1 |
_aeng _apor _aspa _heng |
|
| 049 | _aUCLB | ||
| 050 | 4 |
_aPN1992.77 _b.B54 2017 |
|
| 082 | 0 | 4 |
_a791.45/75 _223 |
| 092 | _bDVD | ||
| 130 | 0 |
_aBig bang theory (Television program). _nSeason 10. _96014575 |
|
| 245 | 1 | 4 | _aThe big bang theory. The complete tenth season / |
| 246 | 3 |
_aBig bang theory. _nThe complete 10th season |
|
| 246 | 3 |
_aBig bang theory. _nSeason ten |
|
| 257 | _aUnited States | ||
| 264 | 1 |
_a[Burbank, California] : _bWarner Home Video, _c[2017] |
|
| 300 |
_a3 videodiscs (471 min.) : _bsound, color ; _c4 3/4 in. |
||
| 336 | _atwo-dimensional moving image | ||
| 337 | _avideo | ||
| 338 | _avideodisc | ||
| 500 | _aWide screen (1.78:1). | ||
| 500 | _aSpecial features: 5 all-new featurettes: #JustAskBBT, Mad props, The ever-expanding universe of The big bang theory; Who's the baby now?' Best of The big bang theory: 2016 Comic-Con panel; gag reel. | ||
| 511 | 1 | _aJohnny Galecki, Jim Parsons, Kaley Cuoco, Simon Helberg, Kunal Nayyar, Melissa Rauch, Mayim Bialik, Kevin Sussman. | |
| 518 | _aOriginally broadcast as season 10 in 2016-2017. | ||
| 520 | _aThe Leonard and Penny went from next-door neighbors to next-door newlyweds with a nuptial excursion to Vegas. This season, they find themselves in a repeating paradigm as they re-create their wedding, this time with family including Penny's mother and brother and Leonard's parents. Meanwhile, the Relationship Agreement between Sheldon and Amy added an entirely new subsection with their annual coitus clause. | ||
| 521 | 8 | _aCHV rating: 14A. | |
| 538 | _aDVD; region 1; 5.1 Dolby digital. | ||
| 546 | _aEnglish, Spanish or Portuguese dialogue; Spanish, French, Chinese, Korean, Portuguese or Thai subtitles; subtitled for the deaf and hard of hearing (SDH). Some language options not listed on container. | ||
| 650 | 0 |
_aPhysicists _vDrama. _95711550 |
|
| 650 | 0 |
_aMale friendship _vDrama. _95683282 |
|
| 650 | 0 |
_aMan-woman relationships _vDrama. _95673977 |
|
| 650 | 0 |
_aApartment dwellers _vDrama. _95745036 |
|
| 650 | 0 |
_aNeighbors _vDrama. _95692604 |
|
| 655 | 7 |
_aSituation comedies (Television programs) _2lcgft _95709318 |
|
| 655 | 7 |
_aFiction television programs. _2lcgft _95673656 |
|
| 655 | 7 |
_aTelevision series. _2lcgft |
|
| 655 | 7 |
_aVideo recordings for the hearing impaired. _2lcgft |
|
| 700 | 1 |
_aGalecki, Johnny, _eactor. _967017 |
|
| 700 | 1 |
_aParsons, Jim, _d1973- _eactor. _95897531 |
|
| 700 | 1 |
_aCuoco, Kaley, _eactor. _95738214 |
|
| 700 | 1 |
_aHelberg, Simon, _eactor. _96010404 |
|
| 700 | 1 |
_aNayyar, Kunal, _eactor. _95691452 |
|
| 700 | 1 |
_aRauch, Melissa, _d1980- _eactor. _96010405 |
|
| 700 | 1 |
_aBialik, Mayim, _eactor. _937797 |
|
| 700 | 1 |
_aSussman, Kevin, _d1970- _eactor. _96392518 |
|
| 710 | 2 |
_aWarner Bros. Television, _eproduction company. _925942 |
|
| 710 | 2 |
_aWarner Home Video (Firm), _epublisher. _961103 |
|
| 730 | 0 | 2 |
_aBig bang theory (Television program). _nSeason 10. _lSpanish. _96014576 |
| 942 |
_2ddc _cDVD |
||
| 999 |
_c225529 _d225529 |
||